UBT Library

Women and men in management / (Record no. 40545)

000 -LEADER
fixed length control field 00813cam a22002534a 4500
001 - CONTROL NUMBER
control field 12835312
005 - DATE AND TIME OF LATEST TRANSACTION
control field 20180119042835.0
008 - FIXED-LENGTH DATA ELEMENTS--GENERAL INFORMATION
fixed length control field 020627s2003 caua c 001 0 eng
010 ## - LIBRARY OF CONGRESS CONTROL NUMBER
LC control number 2002010312
020 ## - INTERNATIONAL STANDARD BOOK NUMBER
International Standard Book Number 0761921958
020 ## - INTERNATIONAL STANDARD BOOK NUMBER
International Standard Book Number 0761921966 (pbk.)
040 ## - CATALOGING SOURCE
Original cataloging agency DLC
Transcribing agency DLC
Modifying agency DLC
041 ## - LANGUAGE CODE
Language code of text/sound track or separate title eng
042 ## - AUTHENTICATION CODE
Authentication code pcc
080 ## - UNIVERSAL DECIMAL CLASSIFICATION NUMBER
Universal Decimal Classification number 658.4095 POW
082 00 - DEWEY DECIMAL CLASSIFICATION NUMBER
Classification number 658.4095 POW
Edition number 21
100 1# - Rafti
Rafti 54
101 ## - Shkurtesa
Shkurtesa MEN
245 10 - TITLE STATEMENT
Title Women and men in management /
Statement of responsibility, etc Gary N. Powell, Laura M. Graves.
504 ## - BIBLIOGRAPHY, ETC. NOTE
Bibliography, etc Includes bibliographical references and index.
906 ## - LOCAL DATA ELEMENT F, LDF (RLIN)
a 7
b cbc
c orignew
d 1
e ecip
f 20
g y-gencatlg
942 ## - ADDED ENTRY ELEMENTS (KOHA)
Source of classification or shelving scheme
Item type Books
Holdings
Withdrawn status Lost status Source of classification or shelving scheme Damaged status Not for loan Collection code Permanent location Current location Shelving location Date acquired Total Checkouts Full call number Barcode Date last seen Price effective from Koha item type
          Koleksioni i përgjithshem UBT - Lipjan UBT - Lipjan Koleksioni i përgjithshem 01/19/2018   658.4095 POW 002-2995736 01/19/2018 01/19/2018 Books
UBT Library © 2015-2024. All rights reserved University Education for Business and Technology